[Event "Klubbmesterskapet 2019 (A)"]
[Site "Ås, Akershus NOR"]
[Date "2019.02.21"]
[Round "6"]
[White "Lea, Per"]
[Black "Moberg, Jan Rune"]
[Result "1-0"]
[WhiteElo "1729"]
[BlackElo "1661"]
[Annotator "Lea,Per"]
[PlyCount "113"]
[EventDate "2019.01.10"]

1. e4 e5 2. Nf3 Nc6 3. Bb5 a6 4. Ba4 Nf6 5. O-O b5 6. Bb3 Bc5 7. c3 Bb6 8. Re1
O-O 9. d4 d6 10. h3 h6 11. Bc2 (11. Be3 {ble forkastet fordi bonden på e4 blir
ugardert, men} Nxe4 $4 12. Bd5 $1) 11... Bd7 12. Be3 Qb8 13. d5 $2 {Sender den
lille fordelen over til svart.} Ne7 ({Ikke} 13... Bxe3 $4 14. dxc6 {og begge
svarts løpere står i slag}) 14. Nbd2 Bxe3 15. Rxe3 Ng6 $1 {Plutselig begynner
springerparet å oppføre seg truende} 16. Kh2 $2 Nf4 (16... c6 17. dxc6 Bxc6 18.
Re1 $17) 17. Ng1 g5 $2 {Fristende - og Mobergsk - men tvilsomt...} 18. g3 Ng6
19. Ne2 (19. Re1 {er bedre. Tårnet står bare i veien på e3}) 19... Nh5 20. Qg1
Qc8 21. Qg2 Kh8 (21... f5 $1 22. exf5 Bxf5 23. Ne4 $17) 22. Qf3 $2 (22. Rf3 f5
23. exf5 Bxf5 24. Rxf5 Rxf5 25. g4 $18) 22... g4 23. hxg4 Bxg4 24. Qh1 (24. Qg2
$2 Bxe2 25. Rxe2 Nhf4 26. Qf1 Qg4 27. Ree1 $17) 24... Bxe2 (24... Rg8) 25. Rxe2
Qg4 26. Qf3 Qxf3 27. Nxf3 {Her var jeg plutselig fornøyd med hvits stilling,
men det var nok litt vel optimistisk.} Kg7 28. a4 Rfb8 29. b4 Nf6 $2 (29... Ne7
30. Nh4 {og hvits fordel er ubetydelig}) 30. Bd3 bxa4 31. Rxa4 Rb6 32. Rea2 Nf8
33. Nd2 c5 $2 34. Rxa6 {Vinner en bonde} (34. Nc4 $1 {er enda mer avgjørende})
34... Rbxa6 35. Rxa6 Rxa6 36. Bxa6 cxb4 37. cxb4 N8d7 38. f3 Nb6 39. Nc4 Nxc4
40. Bxc4 Nd7 41. Kg2 Nb6 42. Bb5 f5 43. Bd3 Kf6 44. Kf2 h5 (44... f4 45. g4 Kg5
{gjør det litt vanskeligere for hvit}) 45. Ke2 Kg5 46. exf5 {Tilsynelatende en
svekkelse av bondestillingen, men 2 fribønder litt langt fra hverandre kan
være vanskelig for svart å forsvare seg mot ved hjelp av løper mot springer -
til tross for at løperen går på hvite felt, og begge forvandingsfeltene er
svarte.} Nxd5 47. b5 Nb6 48. Kd2 d5 49. Kc3 Kf6 50. Kb4 Nd7 51. Ka5 Ke7 52. b6
Nc5 53. Kb5 Kd6 {Løperen på d3 er tabu!} 54. f6 Ne6 55. Ka6 (55. f7 {er enda
mer drepende}) 55... Nc5+ 56. Ka7 Nxd3 57. b7 (57. b7 Nb4 {og siden bonden
forvandles til dronning med sjakk blir det ingen springergaffel på c6.}) 1-0

[Event "Klubbmesterskapet 2019 (B)"]
[Site "Ås, Akershus NOR"]
[Date "2019.02.21"]
[Round "6"]
[White "Selboe, Øyvind W"]
[Black "Rønbeck, Bjørn"]
[Result "0-1"]
[WhiteElo "1493"]
[BlackElo "1543"]
[PlyCount "60"]
[EventDate "2019.01.10"]

1. e4 c5 2. Nf3 Nc6 3. d4 cxd4 4. Nxd4 e6 5. Nc3 Bc5 6. Be3 Bb4 7. Qd2 h6 8.
Nb3 Nf6 9. f3 d5 10. a3 Bxc3 11. Qxc3 O-O 12. Bc5 Re8 13. e5 Nd7 14. Bd6 Qg5
15. g3 Nb6 16. f4 Qd8 17. O-O-O Na4 18. Qd2 Qb6 19. Be2 Ne7 20. g4 Bd7 21. Bxe7
Rxe7 22. g5 Rc8 23. gxh6 Qxb3 24. c3 Nxc3 25. h7+ Kh8 26. bxc3 Rxc3+ 27. Qxc3
Qxc3+ 28. Kb1 Qb3+ 29. Ka1 Re8 30. Rd3 Qc2 0-1

[Event "Klubbmesterskapet 2019 (B)"]
[Site "Ås, Akershus NOR"]
[Date "2019.02.21"]
[Round "6"]
[White "Heien, Aksel"]
[Black "Thowsen, Alf Geir"]
[Result "0-1"]
[WhiteElo "1247"]
[BlackElo "1400"]
[PlyCount "80"]
[EventDate "2019.01.10"]

1. e4 e6 2. Nc3 Nc6 3. d4 Bb4 4. Bb5 a6 5. Bxc6 dxc6 6. Nf3 Nf6 7. Bg5 h6 8.
Bxf6 Qxf6 9. Qd2 O-O 10. O-O-O b6 11. e5 Qd8 12. a3 Be7 13. h4 Bb7 14. Kb1 c5
15. dxc5 Qxd2 16. Rxd2 Bxc5 17. Rhd1 Be7 18. Rd7 Bxf3 19. gxf3 Bxh4 20. Rxc7
Rfd8 21. Rdd7 Rxd7 22. Rxd7 Bxf2 23. f4 Be3 24. Ne2 Kf8 25. c3 Ke8 26. Rd1 Rd8
27. Rf1 Rd2 28. Ng3 Rf2 29. Rxf2 Bxf2 30. Ne2 Ke7 31. Kc2 f6 32. exf6+ Kxf6 33.
Kd3 Kf5 34. a4 h5 35. Nd4+ Bxd4 36. cxd4 h4 37. Ke3 h3 38. Kf3 h2 39. Kg2 Kxf4
40. Kxh2 Ke4 0-1

[Event "Klubbmesterskapet 2019 (B)"]
[Site "Ås, Akershus NOR"]
[Date "2019.02.28"]
[Round "6"]
[White "Røst, Stian"]
[Black "Stensland, Martin"]
[Result "1-0"]
[WhiteElo "1283"]
[BlackElo "1225"]
[Annotator "Lea,Per"]
[PlyCount "35"]
[EventDate "2019.01.10"]

1. e4 e6 2. d4 c5 3. c3 cxd4 4. cxd4 h6 5. Nc3 Bb4 6. Nf3 Ne7 7. a3 Bxc3+ 8.
bxc3 O-O 9. Bd3 f5 10. O-O fxe4 11. Bxe4 d5 12. Bc2 Nd7 13. Re1 (13. Qd3 Nf6
14. Ne5 Bd7) 13... Nf6 14. a4 Nc6 {Nå har springerne brukt 4 trekk på å komme
til f6 og c6 - det kunne vært gjort på 2...} 15. Ba3 Rf7 16. Bg6 (16. Ne5 Rc7
17. Qd3 {og hvit står klart best}) 16... Rd7 17. Rxe6 Ne4 18. Re8+ 1-0

[Event "Klubbmesterskapet 2019 (B)"]
[Site "Ås, Akershus NOR"]
[Date "2019.03.07"]
[Round "6"]
[White "Skaret, Runar"]
[Black "Aamodt, Peder Marcus"]
[Result "0-1"]
[WhiteElo "1387"]
[BlackElo "1384"]
[PlyCount "118"]
[EventDate "2019.01.10"]

1. e4 c5 2. Bc4 Nc6 3. d3 e5 4. Nf3 Be7 5. O-O d6 6. h3 Nf6 7. Nbd2 h6 8. a3
O-O 9. Nh4 Nxe4 10. Ng6 Nxd2 11. Nxe7+ Qxe7 12. Bxd2 Be6 13. Ba2 Bxa2 14. Rxa2
f5 15. c3 f4 16. f3 Rf6 17. Rf2 Rg6 18. Re2 Qe6 19. Ra1 Qxh3 20. Qb3+ Kh7 21.
Qxb7 Qc8 22. Qxc8 Rxc8 23. Kf2 Rb8 24. b4 Rg3 25. Kg1 Rg6 26. Be1 Rf6 27. Bf2
cxb4 28. axb4 Rf7 29. Rea2 Rbb7 30. Ra6 Rfc7 31. Rb1 Rb5 32. Kf1 Kg8 33. Rba1
d5 34. Ke2 d4 35. Be1 dxc3 36. Bxc3 Nxb4 37. Rxa7 Rxc3 38. Rb1 Rbc5 39. Rd7
Rc2+ 40. Kd1 Nd5 41. Rxd5 R5c3 42. Rxe5 Rxg2 43. Rd5 Rg1+ 44. Kd2 Rxd3+ 45.
Kxd3 Rxb1 46. Ke4 Rb4+ 47. Kf5 Kh7 48. Re5 Rd4 49. Re4 Rxe4 50. Kxe4 g5 51. Kf5
Kg7 52. Kg4 Kg6 53. Kh3 h5 54. Kg2 Kf5 55. Kh3 g4+ 56. Kg2 g3 57. Kh3 Kg5 58.
Kg2 Kh4 59. Kg1 Kh3 0-1

[Event "Klubbmesterskapet 2019 (B)"]
[Site "Ås, Akershus NOR"]
[Date "2019.04.11"]
[Round "6"]
[White "Samset, Jon"]
[Black "Yazdankhah, Siamak"]
[Result "1-0"]
[WhiteElo "1410"]
[BlackElo "1341"]
[PlyCount "25"]
[EventDate "2019.01.10"]

1. e4 e5 2. Nf3 Bd6 3. Bc4 h6 4. O-O Nc6 5. d4 Nf6 6. Nc3 Na5 7. Nxe5 Nxc4 8.
Nxc4 Nh7 9. Nxd6+ cxd6 10. Bf4 Qb6 11. Nd5 Qc6 12. Qd3 O-O 13. Ne7+ 1-0

[Event "Klubbmesterskapet 2019 (B)"]
[Site "Ås, Akershus NOR"]
[Date "2019.03.21"]
[Round "5"]
[White "Heien, Aksel"]
[Black "Røst, Stian"]
[Result "0-1"]
[WhiteElo "1247"]
[BlackElo "1283"]
[PlyCount "108"]
[EventDate "2019.01.10"]

1. e4 c5 2. Nc3 Nc6 3. Nf3 d6 4. d4 cxd4 5. Nxd4 Nf6 6. Be2 e6 7. O-O Be7 8.
Re1 O-O 9. Be3 Qc7 10. Qd2 b6 11. Bb5 Bd7 12. Rad1 Rfd8 13. h3 Nxd4 14. Bxd7
Qxd7 15. Bxd4 Rac8 16. f4 Qc6 17. Qe3 h6 18. Qf2 d5 19. exd5 Nxd5 20. Nxd5 Rxd5
21. Bc3 Bc5 22. Bd4 Bxd4 23. Rxd4 Rxd4 24. Qxd4 Qxc2 25. Qd7 Qc5+ 26. Kh1 Qc7
27. Rd1 Kf8 28. Qxc7 Rxc7 29. Rd2 Ke7 30. g4 Rc4 31. Rf2 e5 32. fxe5 Re4 33.
Rc2 Kd7 34. Rd2+ Ke6 35. Rd6+ Ke7 36. b3 Rxe5 37. Rd2 a6 38. Kg2 h5 39. Rc2
hxg4 40. hxg4 Kf6 41. Rc6+ Re6 42. Rxe6+ fxe6 43. Kf3 Ke5 44. Ke3 g6 45. b4 a5
46. bxa5 bxa5 47. a4 g5 48. Kf3 Kd4 49. Kg3 Kd3 50. Kf3 e5 51. Kf2 e4 52. Ke1
Ke3 53. Kd1 Kf2 54. Kd2 e3+ 0-1

[Event "Klubbmesterskapet 2019 (A)"]
[Site "Ås, Akershus NOR"]
[Date "2019.03.21"]
[Round "6"]
[White "Larsen, Jo Ingebrigt"]
[Black "Bakken, Svein-Erik"]
[Result "0-1"]
[WhiteElo "1621"]
[BlackElo "1621"]
[PlyCount "132"]
[EventDate "2019.01.10"]

1. d4 d5 2. Bf4 c5 3. e3 Nc6 4. c3 e6 5. Nd2 Nf6 6. Bd3 cxd4 7. exd4 Be7 8.
Ngf3 O-O 9. Ne5 Qb6 10. Qc2 h6 11. Ndf3 Qd8 12. g4 Nxe5 13. dxe5 Nd7 14. h4 Nc5
15. Bh7+ Kh8 16. g5 h5 17. b4 Ne4 18. Bxe4 dxe4 19. Qxe4 g6 20. O-O Qc7 21. Bd2
Bd7 22. Nd4 Rac8 23. a4 a6 24. Rfc1 Qb8 25. c4 Bc6 26. Nxc6 Rxc6 27. b5 axb5
28. cxb5 Rxc1+ 29. Rxc1 Rd8 30. Be3 Rd5 31. Bd4 Qd8 32. Rc4 Kg7 33. Kf1 b6 34.
Ke2 Qb8 35. f4 Qd8 36. Be3 Qb8 37. Rd4 Qc7 38. Rxd5 exd5 39. Qd3 Bc5 40. Qxd5
Bxe3 41. Kxe3 Qc1+ 42. Ke4 Qc2+ 43. Qd3 Qxa4+ 44. Ke3 Qb4 45. Kf3 Qe1 46. Qe2
Qxh4 47. Ke4 Qh3 48. Kd5 Qe6+ 49. Kd4 h4 50. Ke3 h3 51. Kf3 Qb3+ 52. Kf2 Qd5
53. Kg3 Qb3+ 54. Kh2 Qe6 55. Qf3 Qf5 56. Kg3 Kf8 57. Qa3+ Kg7 58. Qc3 h2 59.
e6+ Kh7 60. Kxh2 Qxf4+ 61. Qg3 Qd2+ 62. Qg2 Qd6+ 63. Kh1 Qxe6 64. Qh2+ Kg7 65.
Qb2+ Kg8 66. Kh2 Qd5 {Hvit tapte på tid} 0-1

[Event "Klubbmesterskapet 2019 (A)"]
[Site "Ås, Akershus NOR"]
[Date "2019.03.21"]
[Round "6"]
[White "Furnes, Torstein"]
[Black "Andersen, Odd"]
[Result "1-0"]
[WhiteElo "1772"]
[BlackElo "1724"]
[Annotator "Furnes, Torstein"]
[PlyCount "95"]
[EventDate "2019.??.??"]

1. d4 Nf6 2. c4 e6 3. Nc3 Bb4 4. Qc2 O-O 5. Nf3 c5 6. dxc5 Qa5 7. Bd2 Qxc5 8.
e3 d5 9. cxd5 Nxd5 10. Rc1 Nxc3 11. Bxc3 Bxc3+ 12. Qxc3 Qxc3+ 13. Rxc3 Nc6 14.
Bb5 Bd7 15. O-O a6 16. Bd3 Rac8 17. Rfc1 b5 18. Be4 Na5 19. Ne5 Rxc3 20. Rxc3
Bc8 ({Fritz vil spille} 20... b4 $5 21. Nxd7 bxc3 22. Nxf8 cxb2 23. Nd7 Nc4 24.
Nc5 Nd2 25. Bd3 b1=Q+ 26. Bxb1 Nxb1 27. Nxa6 Nc3) 21. Rc7 f6 22. Nc6 (22. b4 $1
{er bedre. F.eks.} fxe5 23. bxa5) 22... Nxc6 23. Bxc6 h6 24. Kf1 Kh7 25. Ke2 e5
26. Bd5 Rd8 27. e4 b4 $6 $16 {Nå kan svarts bønder bli vanskelig å forsvare.}
28. Rc4 a5 29. Rc5 a4 30. Ke3 Bd7 31. Rc7 b3 32. axb3 axb3 33. Bxb3 Rb8 34. Bd5
Ba4 35. Ra7 Bc2 36. Rb7 Rc8 37. b4 Ba4 38. b5 Rc3+ 39. Ke2 Rc2+ 40. Kf3 h5 41.
Kg3 h4+ 42. Kxh4 Rxf2 43. Kg3 ({Her er førstevalget til Fritz} 43. b6 Rxg2 44.
Rc7 Rxh2+ 45. Kg3 Rb2 46. b7 Kh6 47. Rc8 Bd1 48. b8=Q Rxb8 49. Rxb8) 43... Rf4
44. b6 Bc2 45. Rc7 Bxe4 46. b7 Bxd5 47. b8=Q f5 48. Rxg7+ $1 ({Det kunne fulgt
} 48. Rxg7+ $1 Kxg7 49. Qxe5+ Kh7 50. Kxf4) 1-0

[Event "Klubbmesterskapet 2019 (B)"]
[Site "Ås, Akershus NOR"]
[Date "2019.03.21"]
[Round "7"]
[White "Thowsen, Alf Geir"]
[Black "Skaret, Runar"]
[Result "1-0"]
[WhiteElo "1400"]
[BlackElo "1387"]
[PlyCount "73"]
[EventDate "2019.01.10"]

1. e4 e5 2. Nf3 Nc6 3. Bb5 a6 4. Ba4 Bc5 5. d3 d6 6. O-O Nge7 7. c3 Be6 8. Ng5
Bd7 9. Bb3 O-O 10. Qh5 h6 11. Nxf7 Rxf7 12. Qxf7+ Kh8 13. Qf3 Ng8 14. Be3 b6
15. Bxc5 bxc5 16. Nd2 Nf6 17. h3 Rb8 18. Nc4 Be6 19. Qe2 Qd7 20. Nd2 Bxh3 21.
gxh3 Qxh3 22. Qf3 Qh4 23. Qg3 Qf4 24. Qxf4 exf4 25. Kg2 Ne5 26. d4 cxd4 27.
cxd4 Ng6 28. Rac1 Rb5 29. d5 c5 30. f3 Ne5 31. Nc4 Nf7 32. Rc3 Nh5 33. Rfc1 Ng3
34. Bd1 Ne5 35. Rb3 Rxb3 36. axb3 Nd3 37. Rc3 1-0

[Event "Klubbmesterskapet 2019 (A)"]
[Site "Ås, Akershus NOR"]
[Date "2019.03.07"]
[Round "7"]
[White "Moberg, Jan Rune"]
[Black "Furnes, Torstein"]
[Result "0-1"]
[WhiteElo "1661"]
[BlackElo "1772"]
[Annotator "Furnes, Torstein"]
[PlyCount "54"]
[EventDate "2019.01.10"]

1. e4 c5 2. c4 Nc6 3. Nc3 d6 4. Nge2 Nf6 5. g3 Bg4 6. h3 $2 Bf3 7. Rh2 Nxe4 8.
Nxe4 Bxe4 9. Nc3 Bg6 10. Bg2 e6 11. a3 Qb6 12. Qa4 Be7 13. Be4 Bxe4 14. Nxe4
O-O 15. Rb1 Nd4 16. Kf1 d5 17. cxd5 exd5 18. Nc3 Qe6 19. Rh1 Qf5 (19... b5 $1
20. Qd1 (20. Nxb5 $2 Qe2+ 21. Kg1 (21. Kg2 Qf3+ 22. Kg1 Ne2+ 23. Kf1 Nxg3+ 24.
Ke1 Qxh1#) 21... Qe1+ 22. Kg2 Qe4+ 23. Kh2 Nf3+ 24. Kg2 Qxa4) 20... b4 21. axb4
cxb4 {og dersom hvit flytter springeren, f.eks.} 22. Ne2 {så følger} Qe4 {som
truer de to ubeskyttede tårnene samtidig.}) 20. Qd1 Bd6 21. Kg2 Qd3 $1 {
Hindrer at hvit får spilt d3. Løperen på c1 skal ikke få komme i spill.} 22. b4
cxb4 23. axb4 Rae8 24. Ra1 Re2 $3 {Et sperretrekk som gir den svarte
dronningen tilgang til f3-feltet. Svart truer bl.a. Df3+ eller Dxg3+ med
påfølgende matt. Hvit må ta imot kvalitetsofferet.} 25. Nxe2 (25. Kg1 Nf3+ 26.
Kg2 (26. Kf1 Rxd2+ 27. Qe2 Rxe2 28. Nxe2 Qd1+ 29. Kg2 Qxe2) 26... Nh4+ $1 27.
Kg1 (27. gxh4 Qg3+ 28. Kf1 Qxf2#) 27... Rxf2 $1 28. Kxf2 Qxg3+ 29. Ke2 Qf3+ 30.
Ke1 Bg3#) 25... Qf3+ 26. Kf1 (26. Kg1 Nxe2+ {og hvit må gi dronningen for å
unngå matt.} 27. Qxe2 Qxe2) 26... Nxe2 $1 {Sterkere enn å slå tårnet på h1.}
27. Ra3 (27. Qxe2 Qxh1#) (27. Rg1 Nxg3+ 28. Rxg3 Qxd1+ 29. Kg2 Bxg3) (27. Ke1
Re8 28. Rh2 Nxg3+ 29. Qe2 Qxe2#) 27... Nxg3+ {Det er matt i neste trekk.} 0-1

[Event "Klubbmesterskapet 2019 (A)"]
[Site "Ås, Akershus NOR"]
[Date "2019.03.07"]
[Round "7"]
[White "Olsen, Trygve"]
[Black "Lea, Per"]
[Result "0-1"]
[WhiteElo "1501"]
[BlackElo "1729"]
[Annotator "Lea,Per"]
[PlyCount "124"]
[EventDate "2019.01.10"]

1. e4 e5 2. Nc3 Nf6 3. d3 {Veldig forsiktig...} (3. Nf3 {og}) (3. Bc4 {er mer
aktive fortsettelser}) (3. f4 {er den "gamle" og romantiske fortsettelsen
-Wienerparti, en slags forsinket kongegambit}) 3... Bc5 4. Na4 {Springeren har
vel strengt tatt ingenting der å gjøre} Be7 5. Nf3 Nc6 6. Be2 d6 {Nå er det
svart som er forsiktig} (6... d5 {er mer aggresivt}) 7. c4 {Tar fullstendig
kontroll over d5, med den etterhengende d-bonden kunne ha blitt et problem} Bg4
8. h3 Bh5 9. Bd2 Qd7 10. b4 {Skremmer i hvert fall svart fra å rokere langt} ({
Svart blir stående utmerket etter} 10. Nc3) ({eller} 10. Be3) 10... Bxf3 11.
Bxf3 Nd4 12. Nc3 c6 13. Be3 $2 (13. O-O {peker seg ut som et naturlig
alternativ}) 13... d5 $1 14. cxd5 Bxb4 15. Bd2 cxd5 16. Nxd5 $2 ({Igjen er} 16.
O-O {et fornuftig alternativ}) 16... Bxd2+ 17. Qxd2 Nxf3+ 18. gxf3 Nxd5 19.
exd5 Qxd5 20. Ke2 O-O-O 21. Rhc1+ Kb8 22. Rc3 Rhe8 (22... Rc8 {er nok litt
bedre}) 23. Rac1 e4 $4 24. Qf4+ $1 (24. fxe4 $4 Rxe4+ 25. Kf1 Re5 {er lett
vunnet for svart, men hvit går selvfølgelig ikke inn i den varianten}) 24...
Ka8 25. fxe4 ({Stockfish 10 påstår} 25. dxe4 {er bedre, men det virker
unektelig mer fornuftig å bli kvitt dobbeltbonden.}) 25... Qxa2+ 26. R1c2 Qe6
27. Qg4 f5 28. Qxg7 fxe4 29. d4 Qb6 (29... a6 {burde vært spilt med en gang})
30. Qg4 a6 31. Rc8+ Rxc8 $2 {Sjablongaktig - kaster bort nesten hele fordelen}
(31... Ka7 32. Rxd8 Qb5+ 33. Ke1 Rxd8 34. Rd2 (34. Qxe4 $4 Re8) 34... Qd5 35.
Qe2 Rg8 36. Kf1 Qb3 37. Qxe4 Qxh3+ 38. Ke1 Rg1+ 39. Ke2 Rc1 40. Rd3 Qf1+ 41.
Kf3 Rc8 {og hvit har problemer med å holde hodet over vannet}) 32. Rxc8+ Rxc8
33. Qxc8+ Ka7 34. Ke3 a5 35. Qf5 $2 Qb3+ ({Ikke lett å ha oversikten her - det
kan fort ende i remis ved evig sjakk} 35... a4 36. Qxe4 Qa5 37. Qb1 a3 38. Qa1
a2 39. h4 {bør holde i massevis for hvit}) 36. Kxe4 Qc2+ 37. Ke5 Qxf5+ $4 {
Svart feilberegner og tror at den hvite fribonden kan stoppes. Dermed kommer
vi inn i et dronningsluttspill som er død remis} 38. Kxf5 a4 39. d5 a3 40. d6
a2 41. d7 a1=Q 42. d8=Q Qb1+ 43. Kg4 Qg1+ 44. Kf3 Qa1 45. h4 Qh1+ 46. Ke3 Qh3+
47. f3 Qe6+ 48. Kf2 Qb6+ {Svart tror at også dette bondesluttspillet er vunnet,
og nok en gang er konklusjonen feil...} 49. Qxb6+ Kxb6 50. Ke3 Kc6 51. Ke4 Kd6
52. Kf5 $4 {Tapstrekket!} (52. h5 {Poenget er å sørge for at svart får så lang
vei til forvandlingsfeltet som mulig.} h6) 52... Ke7 $4 {Svart gir igjen med
samme mynt!} (52... Kd5) ({og} 52... h5 {er de eneste trekkene som vinner, for
eksempel} 53. Kg5 b5 54. Kxh5 b4 55. Kg5 b3 56. h5 b2 57. h6 b1=Q 58. Kf6 Qh7)
53. Kg5 b5 54. f4 b4 55. h5 b3 56. Kh6 b2 57. Kxh7 b1=Q+ 58. Kg8 Qb8+ (58...
Qg1+ {går litt fortere} 59. Kh8 Kf7 {og matt i neste trekk}) 59. Kh7 Kf6 60. h6
Qxf4 (60... Kf7 61. f5 Qg8#) 61. Kg8 Qg5+ (61... Kg6 62. h7 Qb8#) 62. Kh7 Kf7
0-1

[Event "Klubbmesterskapet 2019 (A)"]
[Site "Ås, Akershus NOR"]
[Date "2019.03.07"]
[Round "7"]
[White "Bakken, Svein-Erik"]
[Black "Lund, Petter"]
[Result "0-1"]
[WhiteElo "1621"]
[BlackElo "1649"]
[PlyCount "124"]
[EventDate "2019.01.10"]

1. d4 Nf6 2. c4 e5 3. dxe5 Ng4 4. e3 Nxe5 5. a3 d6 6. Be2 Be6 7. Qc2 Be7 8. Nd2
Nbd7 9. Ngf3 Bg4 10. O-O O-O 11. b4 Bf6 12. Bb2 Re8 13. Rfe1 Nxf3+ 14. Nxf3
Bxb2 15. Qxb2 Qf6 16. Qd2 Rad8 17. Red1 Nb6 18. Rac1 d5 19. c5 Nc4 20. Qc3 Ne5
21. Nd4 c6 22. h3 Bxe2 23. Nxe2 Re6 24. Nd4 Ree8 25. Qb3 Nc4 26. Qc3 Qg6 27.
Re1 Re7 28. Re2 Rde8 29. Rce1 Re4 30. Nf3 f5 31. Kf1 h6 32. Ra2 Kf7 33. a4 Qf6
34. Qxf6+ Kxf6 35. Rd1 g5 36. Nd4 f4 37. exf4 Rxf4 38. Kg1 Rfe4 39. b5 Re1+ 40.
Rxe1 Rxe1+ 41. Kh2 Na5 42. bxc6 bxc6 43. Rb2 Rc1 44. Re2 Rxc5 45. Re6+ Kf7 46.
Rxh6 Rc4 47. Nf5 Rf4 48. Nd6+ Kg7 49. Re6 Rxf2 50. Re7+ Kg6 51. Rxa7 Nb3 52.
Ra6 Nd4 53. Nc8 Rc2 54. Ne7+ Kf7 55. Ra7 Ke6 56. Nc8 Nf5 57. a5 d4 58. Nb6 Ne3
59. Rd7 Rxg2+ 60. Kh1 Ra2 61. Rxd4 Rxa5 62. Rd2 Ra1+ 0-1

[Event "Klubbmesterskapet 2019 (B)"]
[Site "Ås, Akershus NOR"]
[Date "2019.03.07"]
[Round "7"]
[White "Rønbeck, Bjørn"]
[Black "Røst, Stian"]
[Result "1/2-1/2"]
[WhiteElo "1543"]
[BlackElo "1283"]
[Annotator "Furnes, Torstein"]
[PlyCount "156"]
[EventDate "2019.01.10"]

1. e4 c5 2. Nf3 Nc6 3. d4 cxd4 4. Nxd4 e5 5. Nb5 d6 6. N1c3 a6 7. Na3 Nf6 8.
Bg5 Be7 9. Nc4 Nd4 10. Bd3 Be6 11. O-O O-O 12. h3 Rc8 13. Nd2 h6 14. Bh4 Qb6
15. Na4 Qa5 16. c3 b5 17. cxd4 bxa4 18. d5 Bd7 19. Nc4 Qc7 20. Qe2 Bb5 21. Rac1
Qb8 22. Rc2 Rc5 23. f4 Rfc8 24. Rfc1 Kf8 25. Bf2 R5c7 26. fxe5 Bxc4 27. exd6
Bxd6 28. Bxc4 Re7 29. Bd3 Rce8 30. Bh4 g5 31. Bf2 Nxd5 32. Qh5 Nf4 33. Qxh6+
Kg8 34. Qxg5+ Kf8 35. Bxa6 Rxe4 36. Rc8 Qxb2 37. Qh6+ Kg8 38. Qg5+ Qg7 39.
Rxe8+ Rxe8 40. Qxg7+ Kxg7 41. Bg3 Nxh3+ 42. gxh3 Bxg3 43. Rc2 Re6 44. Bb5 Rh6
45. Kg2 Be1 46. Bxa4 Rg6+ 47. Kf1 Ba5 48. Rg2 Kh6 49. Rxg6+ fxg6 50. Kg2 Kh5
51. Bd1+ Kh4 52. a4 g5 53. Bg4 Bb6 54. Kf3 Bc7 55. Ke4 Ba5 56. Kd5 Bd8 57. Kc6
Ba5 58. Kb5 Be1 59. a5 Bf2 60. a6 Be3 61. Kc6 Bf2 62. Kb7 Be3 63. a7 Bxa7 64.
Kxa7 {Et kjent remis-tema har oppstått. Hvits løper kontrollerer ikke
forvandlingsfeltet til randbonden, og hvit kan dermed ikke vinne dersom svart
får plassert kongen sin i hjørnet.} Kg3 65. Kb7 Kf4 66. Kc6 Ke5 67. Bd7 Kf6 68.
Kd5 Kg6 69. Ke5 Kh6 70. Kf6 Kh7 71. Kxg5 Kh8 72. h4 Kg7 73. h5 Kh8 74. Kf6 Kg8
75. Be6+ Kh8 76. Kg5 Kh7 77. h6 Kh8 78. Bf5 Kg8 1/2-1/2

[Event "Klubbmesterskapet 2019 (B)"]
[Site "Ås, Akershus NOR"]
[Date "2019.03.07"]
[Round "7"]
[White "Petersen, Rune J"]
[Black "Heien, Aksel"]
[Result "0-1"]
[WhiteElo "1199"]
[BlackElo "1247"]
[PlyCount "90"]
[EventDate "2019.01.10"]

1. d4 d5 2. Nf3 Nf6 3. e3 e6 4. c4 Nbd7 5. Bd2 Be7 6. Nc3 O-O
7. cxd5 exd5 8. Be2 Re8 9. O-O c6 10. Qc2 c5 11. dxc5 Bxc5 12. Bd3 h6 13. Rfe1
Qc7 14. Re2 Ne5 15. Nxe5 Qxe5 16. f4 Qd6 17. Nb5 Qb6 18. h3 a6 19. Nd4 Bxd4 20.
exd4 Rxe2 21. Bxe2 Qxd4+ 22. Kh2 Ne4 23. Bc3 Nxc3 24. bxc3 Qxf4+ 25. Kg1 Qg5
26. Bg4 Bxg4 27. hxg4 Qxg4 28. Rd1 Re8 29. Qd2 Re2 30. Qxd5 Rxg2+ 31. Qxg2
Qxd1+ 32. Kh2 b5 33. Qa8+ Kh7 34. Qxa6 Qc2+ 35. Kg1 Qxc3 36. Qxb5 Qa1+ 37. Kf2
Qxa2+ 38. Ke3 Qe6+ 39. Kd2 g6 40. Kd1 Qf5 41. Qb4 h5 42. Qd2 h4 43. Qh2 g5 44.
Qh1 h3 45. Qg1 Qb1+ 0-1